Statistics for Harry Potter Families + 2nd Gen

Click here to take the quiz!

General Stats

  • This quiz has been taken 91 times
  • The average score is 58 of 68

Answer Stats

HintAnswer% Correct
WeasleyGinny
100%
PotterHarry
100%
Granger-Weasley
2nd Gen
Hermione
99%
GrangerHermione
99%
PotterJames
99%
PotterLily
99%
LovegoodLuna
99%
Granger-Weasley
2nd Gen
Ron
99%
WeasleyRon
99%
DumbledoreAlbus
97%
MalfoyDraco
97%
Malfoy 2nd GenDraco
97%
WeasleyFred
97%
G. Weasley 2nd GenFred II
97%
WeasleyGeorge
97%
G. Weasley 2nd GenGeorge
97%
LongbottomNeville
97%
WeasleyCharlie
96%
MalfoyLucius
96%
WeasleyMolly
96%
P. Weasley 2nd GenMolly (2)
96%
WeasleyPercy
96%
P. Weasley 2nd GenPercy
96%
BlackSirius
96%
Delacour-Weasley
2nd Gen
Bill
94%
WeasleyBill
94%
DursleyDudley
94%
DursleyPetunia
94%
DursleyVernon
94%
WeasleyArthur
93%
LeStrangeBellatrix
93%
MalfoyNarcissa
93%
Delacour-Weasley
2nd Gen
Fleur
91%
DelacourFleur
91%
LupinRemus
91%
Lupin 2nd GenRemus
91%
LongbottomAlice
88%
Potter 2nd GenAlbus Severus
87%
LongbottomFrank
87%
DursleyMarge
87%
Malfoy 2nd GenScorpius
87%
TonksTed
87%
Potter 2nd GenLily Luna
85%
TonksNymphadora
85%
Lupin 2nd GenNymphadora
85%
DumbledoreAberforth
84%
Potter 2nd GenJames Sirius
84%
Granger-Weasley
2nd Gen
Rose
84%
LovegoodXenophilius
84%
BlackRegulus
82%
Lupin 2nd GenEdward (Teddy)
81%
DelacourGabrielle
81%
DumbledoreAriana
79%
Granger-Weasley
2nd Gen
Hugo
79%
TonksAndromeda
78%
LongbottomAugusta
72%
Delacour-Weasley
2nd Gen
Louis
70%
Malfoy 2nd GenAstoria
66%
Delacour-Weasley
2nd Gen
Victoire
66%
Delacour-Weasley
2nd Gen
Dominique
64%
LovegoodPandora
64%
G. Weasley 2nd GenRoxanne
63%
P. Weasley 2nd GenLucy
61%
G. Weasley 2nd GenAngelina
60%
P. Weasley 2nd GenAudrey
49%
BlackWalburga
45%
BlackOrion
40%
LeStrangeRudolphus
28%

Score Distribution

Percentile by Number Answered

Percent of People with Each Score

Your Score History

You have not taken this quiz